| 000 | 00642nam a2200217Ii 4500 | ||
|---|---|---|---|
| 003 | JO-AjNU | ||
| 008 | 230606s9999||||xx |||||||||||||| ||und|| | ||
| 020 | _a978-1-292-09400-7 | ||
| 040 |
_aJO-AjNU _beng _erda _cJO-AjNU |
||
| 041 | _aeng | ||
| 050 | 1 | 4 | _aT58.6.L376 2016 |
| 100 | 3 |
_aLAUDON, KENNETH C., JANE P. LAUDON, _eauthor _95901 |
|
| 245 | 0 | 0 | _aMANAGEMENT INFORMAITON SYSTEM : MANAGING THE DIGITAL FIRM |
| 250 | _a40 ed | ||
| 264 | 3 | 1 | _aNew York: Person 2016 |
| 300 | _a649p | ||
| 336 |
_atext _btxt _2rdacontent |
||
| 337 |
_aunmediated _bn _2rdamedia |
||
| 338 |
_avolume _bnc _2rdacarrier |
||
| 650 | 4 |
_aMANAGEMENT _95902 |
|
| 999 |
_aE3062 _c3059 _d3059 |
||